Environmental ethics and forestry : (Record no. 19755)

MARC details
000 -LEADER
fixed length control field 01203cam a22003014a 4500
001 - CONTROL NUMBER
control field 11917135
003 - CONTROL NUMBER IDENTIFIER
control field OSt
005 - DATE AND TIME OF LATEST TRANSACTION
control field 20211123115621.0
008 - FIXED-LENGTH DATA ELEMENTS--GENERAL INFORMATION
fixed length control field 000222s2000 pau b 001 0 eng
010 ## - LIBRARY OF CONGRESS CONTROL NUMBER
LC control number 00025421
020 ## - INTERNATIONAL STANDARD BOOK NUMBER
International Standard Book Number 1566397847 (alk. paper)
020 ## - INTERNATIONAL STANDARD BOOK NUMBER
International Standard Book Number 1566397855 (pbk. : alk. paper)
040 ## - CATALOGING SOURCE
Original cataloging agency DLC
Transcribing agency HU
Modifying agency DLC
042 ## - AUTHENTICATION CODE
Authentication code pcc
050 00 - LIBRARY OF CONGRESS CALL NUMBER
Classification number SD387.E78
Item number E58 2000
082 00 - DEWEY DECIMAL CLASSIFICATION NUMBER
Classification number 179/.1
Edition number 21
245 00 - TITLE STATEMENT
Title Environmental ethics and forestry :
Remainder of title a reader /
Statement of responsibility, etc. edited by Peter C. List.
260 ## - PUBLICATION, DISTRIBUTION, ETC.
Place of publication, distribution, etc. Philadelphia :
Name of publisher, distributor, etc. Temple University Press,
Date of publication, distribution, etc. 2000.
300 ## - PHYSICAL DESCRIPTION
Extent xx, 364 p. ;
Dimensions 26 cm.
440 #0 - SERIES STATEMENT/ADDED ENTRY--TITLE
Title Environmental ethics, values, and policy
9 (RLIN) 20104
504 ## - BIBLIOGRAPHY, ETC. NOTE
Bibliography, etc. note Includes bibliographical references (p. [351]-357) and index.
650 #0 - SUBJECT ADDED ENTRY--TOPICAL TERM
Topical term or geographic name entry element Forests and forestry
General subdivision Moral and ethical aspects.
9 (RLIN) 19261
650 #0 - SUBJECT ADDED ENTRY--TOPICAL TERM
Topical term or geographic name entry element Environmental ethics.
9 (RLIN) 6322
700 1# - ADDED ENTRY--PERSONAL NAME
Personal name List, Peter C.
9 (RLIN) 20105
906 ## - LOCAL DATA ELEMENT F, LDF (RLIN)
a 7
b cbc
c orignew
d 1
e ocip
f 20
g y-gencatlg
942 ## - ADDED ENTRY ELEMENTS (KOHA)
Source of classification or shelving scheme Dewey Decimal Classification
Koha item type Books like text book referance book
Suppress in OPAC No
Holdings
Withdrawn status Lost status Source of classification or shelving scheme Damaged status Not for loan Collection code Home library Current library Shelving location Date acquired Total Checkouts Full call number Barcode Date last seen Copy number Price effective from Koha item type
    Dewey Decimal Classification     Reference Wondo Genet Library Wondo Genet Library General Stacks 12/21/2021   179/.1ENV2000 WGCFNRL00007601 12/21/2021 1 12/21/2021 Books like text book referance book